50 States of USA Map Quiz - Statistics

General Stats
  • This quiz has been taken 5,347 times
  • The average score is 27 of 50
Answers on the Map
Answers color-coded by a green-red scale on the quiz's map according to % correct below.
 
Answer Stats
Answer % Correct
Alaska
84%
California
78%
Florida
78%
Hawaii
72%
New Mexico
72%
Texas
70%
Washington
68%
Arizona
66%
Idaho
63%
Oregon
62%
Michigan
61%
Maine
60%
Nevada
60%
North Carolina
58%
South Dakota
58%
Montana
57%
New York
57%
Georgia
56%
North Dakota
56%
Colorado
55%
Louisiana
55%
Tennessee
55%
South Carolina
54%
Wyoming
54%
Alabama
53%
Virginia
53%
Rhode Island
52%
New Jersey
51%
Oklahoma
51%
Utah
51%
West Virginia
51%
Connecticut
50%
Kentucky
49%
Minnesota
49%
Ohio
48%
Vermont
48%
Wisconsin
48%
Delaware
47%
Illinois
47%
Maryland
46%
Indiana
45%
Kansas
45%
Mississippi
45%
Arkansas
44%
New Hampshire
44%
Massachusetts
42%
Iowa
41%
Nebraska
41%
Missouri
39%
Pennyslvania
29%
No matching quizzes found
Score Distribution
Percent of People with Each Score
Percentile by Number Answered
Your Score History
You have not taken this quiz